| 000 | 00506nam a2200169 a 4500 | ||
|---|---|---|---|
| 001 | 2010 | ||
| 003 | CDMR | ||
| 005 | 20130412131527.0 | ||
| 008 | 130130s1998||||||||||||||||||||||||||||d | ||
| 020 | _a8489690316 | ||
| 040 |
_aCDMR _bcat _cCPC LLEIDA |
||
| 100 | 1 |
_aFernández Areal, Manuel _9421 |
|
| 245 | 1 | 3 |
_aLa estructura democrática de la información _cManuel FERNANDEZ AREAL |
| 260 |
_aPontevedra _c1998 _bDiputación de Pontevedra |
||
| 650 | 0 | 4 |
_92305 _aComunicació _xAspectes polítics |
| 942 |
_cMON _2udc |
||
| 999 |
_c2010 _d2010 |
||